Представление документа в формате MARC21

ПолеНазваниеЗначение
  Тип записи a
  Библиографический уровень m
001 Контрольный номер RU/URAIT/583945
005 Дата корректировки 20260429163704.1
008 Кодируемые данные 260429s2026 RU y f j 000 0 rus u
020 Индекс ISBN __
a ISBN 978-5-534-05725-6
c Цена, тираж 2489.00
040 Источник каталогиз. __
a Служба первич. каталог. ИКО Юрайт
c Служба, преобразующая запись ИКО Юрайт
e Правила каталог. RCR
041 Код языка издания __
a Код языка текста rus
044 Код страны публикации __
a Код страны публикации RU
080 Индекс УДК __
a Индекс УДК 005(075.8)
084 Индекс другой классификации/Индекс ББК __
2 Источник индекса rubbk
a Индекс другой классификации/Индекс ББК 65.290я73
100 Автор __
a Автор Титов В. Н.
q Полное имя Титов Владимир Николаевич
245 Заглавие __
a Заглавие Теория и история менеджмента
b Продолж. заглавия учебник и практикум для вузов
c Ответственность В. Н. Титов, Г. Н. Суханова.
256 Характеристики компьютерного файла __
a Характеристики компьютерного файла Электрон. дан.
260 Выходные данные __
a Место издания Москва
b Издательство Юрайт
c Дата издания 2026
300 Физическое описание __
a Объем 487 с
440 Серия __
a Серия Высшее образование
500 Примечания __
a Примечание URL: https://urait.ru/bcode/583945 (дата обращения: 29.04.2026).
520 Аннотация __
a Аннотация Курс предназначен для студентов различных специальностей, изучающих экономические и управленческие дисциплины. Если в большинстве курсов по менеджменту базовые модели предлагаются студентам в условной привязке к основным функциям менеджера без учета исторического контекста, а история управленческой мысли предстает в виде перечисления в хронологической последовательности возникающих школ и их основоположников, то в предлагаемом курсе авторы попытались объединить эти два подхода. Серьезное внимание уделено историческим аспектам: периодизации, хронологии, историческим предпосылкам возникновения одних подходов и устаревания других, в то же время описываемые в курсе модели и концепции менеджмента имеют историческое обоснование и трактуются как ответ на вызовы, исходящие из технологических, экономических, институциональных и социальных трансформаций. Благодаря такому подходу информация легче усваивается студентами и воспринимается как последовательный, систематизированный и структурированный материал.
538 Прим. о системных особенностях __
a Прим. о системных особенностях Режим доступа: Электронно-библиотечная система Юрайт, для авториз. пользователей
653 Ключевые слова __
a Ключевые слова Менеджмент
653 Ключевые слова __
a Ключевые слова Менеджмент
653 Ключевые слова __
a Ключевые слова Менеджмент
653 Ключевые слова __
a Ключевые слова Общий менеджмент
653 Ключевые слова __
a Ключевые слова Основы менеджмента
653 Ключевые слова __
a Ключевые слова Современный менеджмент
653 Ключевые слова __
a Ключевые слова Теория управления
653 Ключевые слова __
a Ключевые слова Основы управленческой деятельности
653 Ключевые слова __
a Ключевые слова История управленческой мысли
653 Ключевые слова __
a Ключевые слова Основы управления
653 Ключевые слова __
a Ключевые слова Теория менеджмента
653 Ключевые слова __
a Ключевые слова Управление структурным подразделением организации и организацией в целом
653 Ключевые слова __
a Ключевые слова Введение в менеджмент
653 Ключевые слова __
a Ключевые слова Основы теории управления
653 Ключевые слова __
a Ключевые слова Теория менеджмента: история управленческой мысли
653 Ключевые слова __
a Ключевые слова Основы современного менеджмента
653 Ключевые слова __
a Ключевые слова Теория и история менеджмента
653 Ключевые слова __
a Ключевые слова История практики менеджмента
653 Ключевые слова __
a Ключевые слова Теоретические основы менеджмента
653 Ключевые слова __
a Ключевые слова История менеджмента
653 Ключевые слова __
a Ключевые слова Теория управления (менеджмент)
653 Ключевые слова __
a Ключевые слова Корпоративная и социальная ответственность
653 Ключевые слова __
a Ключевые слова Теория и практика менеджмента
653 Ключевые слова __
a Ключевые слова Индустриальный менеджмент
653 Ключевые слова __
a Ключевые слова Управление
653 Ключевые слова __
a Ключевые слова Современные теории менеджмента
653 Ключевые слова __
a Ключевые слова Системный подход в менеджменте
653 Ключевые слова __
a Ключевые слова Теория ограничений в менеджменте
653 Ключевые слова __
a Ключевые слова Теория и практика редакционного менеджмента
653 Ключевые слова __
a Ключевые слова Теория и практика современного менеджмента
653 Ключевые слова __
a Ключевые слова Современные теории и концепции в менеджменте
653 Ключевые слова __
a Ключевые слова Эволюция теории менеджмента
653 Ключевые слова __
a Ключевые слова Теория и практика менеджмента сферы
653 Ключевые слова __
a Ключевые слова Педагогические аспекты структурирования управленческой информации
700 Другие авторы __
a Другие авторы Суханова Г. Н.
q Полное имя Суханова Гульшат Назифовна
856 Электронный адрес документа 40
n Местонахождение сервера Юрайт
g Электронная книга
q Тип электронного формата html
h Имя пользователя ЮРАЙТ
v Часы доступа к ресурсу 20271231
2 Способ доступа Показать документ
x Служебное примечание https://urait.ru/book/cover/DA986F32-39DA-4F96-8182-2E574562B2D1
u URL https://urait.ru/bcode/583945
856 Электронный адрес документа 48
q Тип электронного формата cover
u URL https://urait.ru/book/cover/DA986F32-39DA-4F96-8182-2E574562B2D1
911 __
u 0030=https://urait.ru/bcode/583945
911 __
u 073a=9785534057256
u 073d=2489.00
911 __
u 106a=s
911 __
u 900l=
952 Тип литературы __
i Дисциплина Менеджмент
952 Тип литературы __
i Дисциплина Общий менеджмент
952 Тип литературы __
i Дисциплина Основы менеджмента
952 Тип литературы __
i Дисциплина Современный менеджмент
952 Тип литературы __
i Дисциплина Теория управления
952 Тип литературы __
i Дисциплина Основы управленческой деятельности
952 Тип литературы __
i Дисциплина История управленческой мысли
952 Тип литературы __
i Дисциплина Основы управления
952 Тип литературы __
i Дисциплина Теория менеджмента
952 Тип литературы __
i Дисциплина Управление структурным подразделением организации и организацией в целом
952 Тип литературы __
i Дисциплина Введение в менеджмент
952 Тип литературы __
i Дисциплина Основы теории управления
952 Тип литературы __
i Дисциплина Теория менеджмента: история управленческой мысли
952 Тип литературы __
i Дисциплина Основы современного менеджмента
952 Тип литературы __
i Дисциплина Теория и история менеджмента
952 Тип литературы __
i Дисциплина История практики менеджмента
952 Тип литературы __
i Дисциплина Теоретические основы менеджмента
952 Тип литературы __
i Дисциплина История менеджмента
952 Тип литературы __
i Дисциплина Теория управления (менеджмент)
952 Тип литературы __
i Дисциплина Корпоративная и социальная ответственность
952 Тип литературы __
i Дисциплина Теория и практика менеджмента
952 Тип литературы __
i Дисциплина Индустриальный менеджмент
952 Тип литературы __
i Дисциплина Управление
952 Тип литературы __
i Дисциплина Современные теории менеджмента
952 Тип литературы __
i Дисциплина Системный подход в менеджменте
952 Тип литературы __
i Дисциплина Теория ограничений в менеджменте
952 Тип литературы __
i Дисциплина Теория и практика редакционного менеджмента
952 Тип литературы __
i Дисциплина Теория и практика современного менеджмента
952 Тип литературы __
i Дисциплина Современные теории и концепции в менеджменте
952 Тип литературы __
i Дисциплина Эволюция теории менеджмента
952 Тип литературы __
i Дисциплина Теория и практика менеджмента сферы
952 Тип литературы __
i Дисциплина Педагогические аспекты структурирования управленческой информации